| 000 | 00945nam a2200301 i 4500 | ||
|---|---|---|---|
| 001 | 000030599 | ||
| 003 | DO-SdBNP | ||
| 005 | 20251120083619.0 | ||
| 007 | ta | ||
| 008 | 110524s1984 dr a 000 f spa d | ||
| 040 |
_aDO-SdBNP _bspa _cBNPHU _erda |
||
| 082 |
_aRD863.44 _bV145ti _222 |
||
| 100 | 1 |
_aValdez, Diógenes, _d1941- _920511 _eautor _4aut. |
|
| 245 | 1 | 4 |
_aLos tiempos revocables / _cDiógenes Valdez. |
| 264 | 1 |
_aSanto Domingo : _bEditora Taller, _c1984. |
|
| 300 |
_a338 páginas _bilustraciones _c22 cm. |
||
| 336 |
_atexto _btxt _2rdacontent |
||
| 337 |
_asin mediación _bn _2rdamedia |
||
| 338 |
_avolumen _bnc _2rdacarrier |
||
| 490 | 1 |
_aLiteratura _v6 |
|
| 586 | _aPremio Siboney, 1983 | ||
| 590 | _aInventariado, 2020/VM | ||
| 650 | 0 |
_aNovela dominicana _9223 |
|
| 650 | 0 |
_aLiteratura dominicana. _967 |
|
| 710 | 2 |
_aSiboney (República Dominicana) _957196 |
|
| 910 | _aValidado. Control de calidad MFF | ||
| 942 |
_2ddc _cLBS1 |
||
| 999 |
_c30091 _d30091 |
||